[Event "COL-ch Visually limited (Women)"]
[Site "Ibague"]
[Date "2015.11.30"]
[Round "4.6"]
[White "Ayala Africano, Denis"]
[Black "Ceron, Deisy Adriana"]
[Result "1-0"]
[WhiteElo "1526"]
[BlackElo "1445"]
[PlyCount "63"]
[EventDate "2015.11.28"]
[EventType "swiss"]
[EventRounds "5"]
[EventCountry "COL"]
[SourceTitle "EXT 2024"]
[Source "ChessBase"]
[SourceDate "2023.10.10"]
[SourceVersion "1"]
[SourceVersionDate "2023.10.10"]
[SourceQuality "1"]

1. e4 e5 2. Nf3 Nf6 3. Bb5 Bb4 4. 0-0 Nc6 5. c3 Bc5 6. Re1 Ng4 7. d4 Bb6 8. h3 Nf6 9. d5 Na5 10. Nxe5 c6 11. Ba4 d6 12. Nf3 0-0 13. Nbd2 cxd5 14. exd5 Re8 15. Rxe8+ Nxe8 16. Ne4 Bd7 17. Bf4 Nc4 18. Qc2 a5 19. Nfg5 Ba7 20. Nxd6 Nexd6 21. Qxh7+ Kf8 22. Qh8+ Ke7 23. Qxg7 Be6 24. Re1 Qg8 25. Rxe6+ Kd8 26. Qxg8+ Kc7 27. Re7+ Kb6 28. Qxa8 f6 29. Ne6 Ka6 30. b3 f5 31. bxc4 Nxc4 32. Qxb7# 1-0